000
002800000a22001330004500
003
MACL
040
_a
MACL
090
_c
8194
_d
8193
100
_a
Kaushik, Dr. R P
245
_a
Organic Alchemy
260
_b
Darshan Yoga Sansthan
_c
1975
650
_a
Philisophy
942
_c
BOOK
_k
100
999
_c
8144
_d
8144